000 00388nam a22001577a 4500
003 MPLRDC
005 20220104153735.0
008 210129b ||||| |||| 00| 0 eng d
082 _a690.35 LLA
100 _a李禄安、范立人主编
245 _a旅游便览
_c
260 _a
_b中国云南省旅游局编
_c
300 _b
650 _a中国游记
942 _cBK
_o690.35 LLA
999 _c53593
_d53583